00646nam a2200181 i 450000100060000000300090000600500170001500700030003200800410003510000280007624501080010425000150021226000360022730000300026385200320029399900170032595201220034275130ES-MaACL20230906172338.0t|040922s1966 sp ||||1| spa d1 aGoodman, Edward.95910613aEl F.B.I. b: historia novelesca y heróica de la policía más famosa del mundo / cEdward Goodman. a[1ª ed.]. a[Madrid] : bRollán, c[1966] a528 p. : bil. ; c19 cm. aES-MaACLjC-34138 bR.65135 c75130d75130 00104070aATENEOMbATENEOMcDEPO2d2008-01-17eSCl0oC-34138p1078636r2023-02-23 00:00:00w2023-02-23yMONOGRAFIA